000
00224 a2200097 4500
001
52174
100
_a
Window A L
245
_a
Strain Gauge Technology
260
_a
Lahore
_b
Idara-e-Farogh-e-Urdu
_c
090
_c
32837
_d
32837
942
_a
NUST-CAE
_c
M
_c
25377
999
_c
287247
_d
287247